Statistiques concernant Tous les objets de combat de Pokémon Unite

Cliquez ici pour prendre le quiz!

Statistiques générales

  • Ce quiz a été pris 4 fois
  • Le résultat moyen est 5 sur 8

Statistiques - réponses

Réponse% Correct
Attaque +
100%
Bouton Fuite
100%
Vitesse +
100%
Potion
75%
Queue Skitty
75%
Écran de fumée
25%
Total Soin
25%
Turbo-Score
25%

Distribution des résultats

Percentile par nombre de réponses

% des personnes avec chaque résultat

Votre développement - résultats

Vous n’avez pas pris ce quiz